000 01575nam0a2200361 4500
001 RU\NLR\BIBL_A\022813784
005 20260614173334.0
010 _a978-5-04-233902-8
_94000
035 _a(NLR Aleph) 022813784
090 _a13729195
_c13729195
100 _a20260521d2026 u y0rusy50 ca
101 0 _arus
102 _aRU
105 _aac z 000zy
181 0 _ai
_baxxe
182 0 _an
200 1 _aПсихология мошенничества и обмана
_eкак думают и действуют мошенники и как мы можем их распознать
_fИван Рябцев
203 _aТекст
_bвизуальный
_cнепосредственный
210 _aМосква
_cЭксмо, Бомбора
_d2026
215 _a301 с.
_cил., портр.
_d21
225 1 _aПсихология влияния
300 _aНа 11-й с. авт.: Рябцев И. Г. – психолог, гипнолог
300 _aКн. содерж. QR-коды ссылок на доп. информ.
333 _a16+
606 1 _aМошенничество
_xПсихологические исследования
_2nlr_sh2
_3RU\NLR\AUTH\661529838
606 1 _aОбман
_xСоциально-психологические исследования
_2nlr_sh1
_2nlr_sh2
_3RU\NLR\AUTH\661254444
686 1 _aЮ947.111.54
686 1 _aС550.353
700 1 _aРябцев
_bИ. Г.
_gИван Григорьевич
942 _cBOOK
980 _aNB